LIBRARY ONLINE CATALOGUE

Understanding and changing your management style / (Record no. 5442)

MARC details
000 -LEADER
fixed length control field 00808cam a22002412 4500
001 - CONTROL NUMBER
control field 0000001768
005 - DATE AND TIME OF LATEST TRANSACTION
control field 20151217151827.0
008 - FIXED-LENGTH DATA ELEMENTS--GENERAL INFORMATION
fixed length control field 070326s xx 000 0 eng d
020 ## - INTERNATIONAL STANDARD BOOK NUMBER
International Standard Book Number 0787908584 :
Terms of availability USD 25.00
040 ## - CATALOGING SOURCE
Original cataloging agency KABU
Transcribing agency KABU
050 #0 - LIBRARY OF CONGRESS CALL NUMBER
Classification number HD38.2
Item number .B459 1999
100 1# - MAIN ENTRY--PERSONAL NAME
Personal name Benfari, Robert.
-- 0000096751
245 10 - TITLE STATEMENT
Title Understanding and changing your management style /
Statement of responsibility, etc. Robert C. Benfari.
260 ## - PUBLICATION, DISTRIBUTION, ETC. (IMPRINT)
Place of publication, distribution, etc. San Francisco :
Name of publisher, distributor, etc. Jossey-Bass Publishers,
Date of publication, distribution, etc. 1999.
300 ## - PHYSICAL DESCRIPTION
Extent xiii, 282 p.
650 #0 - SUBJECT ADDED ENTRY--TOPICAL TERM
Topical term or geographic name as entry element Management.
-- 0000083920
650 #0 - SUBJECT ADDED ENTRY--TOPICAL TERM
Topical term or geographic name as entry element Executive ability.
-- 0000150694
908 ## - PUT COMMAND PARAMETER (RLIN)
Put command parameter 070326
950 ## - LOCAL HOLDINGS (RLIN)
-- 1
Holdings
Withdrawn status Lost status Source of classification or shelving scheme Not for loan Home library Current library Date acquired Total Checkouts Full call number Barcode Date last seen Price effective from Koha item type Date last checked out Copy number
    Library of Congress Classification   Kabarak, Main Campus Kabarak, Main Campus 17/12/2015   HD38.2 .B459 1999 002325 02/08/2024 17/12/2015 General Collection    
    Library of Congress Classification   Kabarak, Main Campus Kabarak, Main Campus 17/12/2015   HD38.2 .B459 1999 002326 02/08/2024 17/12/2015 General Collection    
    Library of Congress Classification   Kabarak, Main Campus Kabarak, Main Campus 17/12/2015 1 HD38.2 .B459 1999 C.3 002327 02/08/2024 17/12/2015 General Collection 15/07/2016 C.3